John Krasinski Movies! - Statistics

General Stats
  • This quiz has been taken 3 times
  • The average score is 5 of 46
Answer Stats
Hint Answer % Correct
2018 A Quiet Place
100%
2022 Doctor Strange in the Multiverse of Madness
67%
2015 Aloha
33%
2020 A Quiet Place Part II
33%
2022 DC League of Super-Pets
33%
2021 Free Guy
33%
2009 It's Complicated
33%
2013 Monsters University
33%
2009 Monsters V.S. Aliens
33%
2007 Shrek the Third
33%
2006 The Holiday
33%
2011 The Muppets
33%
2016 13 Hours
0%
2002 Alma Mater
0%
2006 A New Wave
0%
2017 Animal Crackers
0%
TBD Apartment 7A
0%
2024 A Quiet Place: Day One
0%
2025 A Quiet Place Part III
0%
2009 Away We Go
0%
2012 Big Miracle
0%
2009 Brief Interviews With Hideous Men
0%
2017 Detroit
0%
2013 Don Jon
0%
2006 Doogal
0%
2006 Dreamgirls
0%
2005 Duane Hopwood
0%
2006 For Your Consideration
0%
2024 Imaginary Friends
0%
2005 Jarhead
0%
2014 Kahlil Gibran's the Prophet
0%
2004 Kinsey
0%
2008 Leatherheads
0%
2007 License to Wed
0%
2016 Manchester By the Sea
0%
2018 Next Gen
0%
2012 Nobody Walks
0%
2012 Promised Land
0%
2007 Smiley Face
0%
2011 Something Borrowed
0%
2000 State and Main
0%
2011 Super 8
0%
2004 Taxi
0%
2016 The Hollars
0%
TBD The King of Oil
0%
2013 The Wind Rises
0%
No matching quizzes found
Score Distribution
Percent of People with Each Score
Percentile by Number Answered
Your Score History
You have not taken this quiz